000 00847nam a22002417a 4500
999 _c13901
_d13901
003 AR-CdUCM
008 190416b ||||| |||| 00| 0 spa d
040 _aMUNICIPALIDAD PROVINCIAL DEL CUSCO
_cBIBLIOTECA MUNICIPAL DEL CUSCO
082 _a616 /
_bEN59
110 _aCentro de educación familiar
_932508
245 _aLa enfermedad del pueblo el drama de Chimbote /
260 _aChimbote :
_bCEPU,
_c1979.
300 _a26 paginas ;
_bIlustraciones,
_c21 cm.
505 _aContenido : Enfermedades comunes -- enfermedades respiratorias -- Enfermedades del intestino
650 _aEnfermedades
_95611
650 _aContagios
_932509
650 _aPerú
_935
650 _aChimbote
_932461
650 _aCentros de salud
_932510
710 _aCentro de intercomunicación social
_932511
942 _2ddc
_cLIBROS
945 _awnts
_d2019-04-16